Tony Award Wins: The Producers Quiz Stats

Quiz not verified by Sporcle

Challenge
Share
Tweet
Embed
Score 0/12 Timer 02:00
0 Plays Today
% Correct
Leading Actor in a Musical - Nathan Lane
96%
Best Musical
96%
Best Scenic Design of a Musical
92.5%
Best Original Score
92%
Best Lighting Design of a Musical
91.4%
Best Costume Design of a Musical
90.8%
Featured Actress in a Musical - Cady Huffman
89.7%
Best Direction of a Musical
88.5%
Best Orchestrations
86.2%
Best Book of a Musical
85.6%
Best Choreography
84.5%
Featured Actor in a Musical - Gary Beach
74.7%

You're not logged in!

Compare scores with friends on all Sporcle quizzes.
Join for Free
OR
Log In

You Might Also Like...

Show Comments

Extras

Top Quizzes Today


Score Distribution

Your Account Isn't Verified!

In order to create a playlist on Sporcle, you need to verify the email address you used during registration. Go to your Sporcle Settings to finish the process.

Report this User

Report this user for behavior that violates our Community Guidelines.

Details: